Diseño y desarrollo de unidades didácticas en la escuela primaria.
-д хадгалсан:
| Үндсэн зохиолч: | |
|---|---|
| Формат: | Ном |
| Хэвлэсэн: |
Madrid, España:
Edciones Morata,
2004.
|
| Хэвлэл: | Tercera edición. |
| Цуврал: | Colección Pedagogía. Educación Infantil y Primaria.
|
| Нөхцлүүд: | |
| Шошгууд: |
Шошго нэмэх
Шошго байхгүй, Энэхүү баримтыг шошголох эхний хүн болох!
|
MARC
| LEADER | 00000nam a2200000 a 4500 | ||
|---|---|---|---|
| 001 | UCO7771 | ||
| 003 | CL-VaPUC | ||
| 005 | 20220718120540.0 | ||
| 008 | 220707t2004 ||||| |||| 00| 0 eng d | ||
| 999 | |c 436760 |d 436758 | ||
| 020 | |a 9788471123404 | ||
| 040 | |c Pontificia Universidad Católica de Valparaíso | ||
| 082 | 0 | 4 | |a 375 TAN 2004 |2 21 |
| 100 | 0 | |a Tann, C. Sarah |e autora |9 452498 | |
| 245 | 1 | 0 | |a Diseño y desarrollo de unidades didácticas en la escuela primaria. |
| 250 | |a Tercera edición. |b (reimpresión) | ||
| 260 | |a Madrid, España: |b Edciones Morata, |c 2004. | ||
| 300 | |a 217 páginas. | ||
| 490 | 0 | |a Colección Pedagogía. Educación Infantil y Primaria. | |
| 583 | |a last modification |c 20001124 00:00:00 |k Catalogador Asistente | ||
| 650 | 0 | |a Currículo |9 307290 | |
| 650 | 7 | |a Desarrollo de los currículos |2 CL-VaPUC |9 338829 | |
| 650 | 0 | |a Educación básica |9 224933 | |
| 650 | 0 | |a Evaluación de la educación |9 237505 | |
| 942 | |c BK |2 ddc | ||
| 952 | |0 0 |1 0 |2 ddc |4 0 |6 375_000000000000000_TAN_2004 |7 0 |8 A |9 584468 |a BIBTEO |b BIBTEO |c GEN |d 2022-07-07 |i 5652680 |o 375 TAN 2004 |p 5652680 |r 2025-01-17 |t 1 |w 2022-07-07 |y BK |k ICR | ||